00889nam a2200229 i 4500001000300000245018800003260004900191300002800240490003400268500002500302650002400327700002700351710002900378830003400407020002900441020002200470040000800492041000800500080001200508008004100520856009800561bg00aEncyklopedia.nT. 12,pnieśn - pakt /chasła encyklopedyczne oprac. przez Wydawnictwo Naukowe PWN ; [suplement Gazety Wyborczej przygot. przez zespół red. Juliusz Rawicz et al.] aWarszawa :bMediasat Poland :bAgora,c2005. a800 s. :bil. ;c23 cm.1 aEncyklopedia Gazety Wyborczej aNazwa wydawcy w cop. 9aEncyklopedia polska1 aRAWICZ, Józef.eRed. 0aWydawnictwo Naukowe |PWN aEncyklopedia Gazety Wyborczej a8389651351 (całość) a8389651475 (t.12) cBPK0 apol a0/9(03) s pl f |000 0 pol  uhttp://koha.tu.koszalin.pl/cgi-bin/koha/opac-detail.pl?biblionumber=46578yKatalog online BPK